TANGISAN SRI MELATI / (Record no. 195301)
[ view plain ]
| 000 -LEADER | |
|---|---|
| fixed length control field | 00832nam a2200265 i 4500 |
| 003 - CONTROL NUMBER IDENTIFIER | |
| control field | OSt |
| 005 - DATE AND TIME OF LATEST TRANSACTION | |
| control field | 20240306161922.0 |
| 008 - FIXED-LENGTH DATA ELEMENTS--GENERAL INFORMATION | |
| fixed length control field | 240306t20222022my |||g |||| 00| 0 may d |
| 020 ## - INTERNATIONAL STANDARD BOOK NUMBER | |
| International Standard Book Number | 9789672437444 |
| Terms of availability | RM28.00 |
| Qualifying information | paperback |
| 040 ## - CATALOGING SOURCE | |
| Original cataloging agency | PPAK |
| Language of cataloging | eng |
| Transcribing agency | PPAK |
| Description conventions | rda |
| 082 04 - DEWEY DECIMAL CLASSIFICATION NUMBER | |
| Edition number | 23 |
| Classification number | 899.2333 |
| 090 00 - LOCALLY ASSIGNED LC-TYPE CALL NUMBER (OCLC); LOCAL CALL NUMBER (RLIN) | |
| Classification number (OCLC) (R) ; Classification number, CALL (RLIN) (NR) | 899.2333 |
| Feature heading | HAF |
| Feature heading | G |
| 100 0# - MAIN ENTRY--PERSONAL NAME | |
| Personal name | HAFIZ AB KADIR |
| Relator term | author. |
| 245 10 - TITLE STATEMENT | |
| Title | TANGISAN SRI MELATI / |
| Statement of responsibility, etc. | HAFIZ AB KADIR ; SUNTINGAN oleh FARRAH IZZLORNA |
| 264 #1 - PRODUCTION, PUBLICATION, DISTRIBUTION, MANUFACTURE, AND COPYRIGHT NOTICE | |
| Place of production, publication, distribution, manufacture | Kuala Lumpur : |
| Name of producer, publisher, distributor, manufacturer | PATRIOTS PUBLISHING SDN. BHD., |
| Date of production, publication, distribution, manufacture, or copyright notice | 2022 |
| Date of production, publication, distribution, manufacture, or copyright notice | ©2022 |
| 300 ## - PHYSICAL DESCRIPTION | |
| Extent | 330 pages : |
| Dimensions | 20 cm. |
| 336 ## - CONTENT TYPE | |
| Content type term | text |
| Source | rdacontent |
| 337 ## - MEDIA TYPE | |
| Media type term | unmediated |
| Source | rdamedia |
| 338 ## - CARRIER TYPE | |
| Carrier type term | volume |
| Source | rdacarrier |
| 650 10 - SUBJECT ADDED ENTRY--TOPICAL TERM | |
| Topical term or geographic name entry element | Malay fiction |
| Topical term or geographic name entry element | Malaysian fiction (Malay) |
| 700 0# - ADDED ENTRY--PERSONAL NAME | |
| Personal name | FARRAH IZZLORNA, |
| Relator term | editor. |
| 942 ## - ADDED ENTRY ELEMENTS (KOHA) | |
| Source of classification or shelving scheme | Dewey Decimal Classification |
| Koha item type | Book |
| Withdrawn | Not for loan | Current library | Shelving location | Date acquired | Total Checkouts | Full call number | Barcode | Date last seen | Date last checked out | Koha item type | Total Renewals |
|---|---|---|---|---|---|---|---|---|---|---|---|
| Perpustakaan Alor Setar | Pinjaman Dewasa | 17/03/2024 | 2 | 899.2333 HAF | A01819438 | 02/02/2025 | 11/01/2025 | Book | |||
| Perpustakaan Awam Sungai Petani | Pinjaman Dewasa | 17/03/2024 | 3 | 899.2333 HAF | A01819439 | 12/04/2026 | 15/03/2026 | Book | 1 | ||
| Perpustakaan Baling | Pinjaman Dewasa | 17/03/2024 | 3 | 899.2333 HAF | A01819443 | 19/05/2025 | 10/05/2025 | Book | |||
| Perpustakaan Bandar Baharu | Pinjaman Dewasa | 17/03/2024 | 899.2333 HAF | A01819444 | 17/03/2024 | Book | |||||
| Perpustakaan Jitra | Pinjaman Dewasa | 17/03/2024 | 899.2333 HAF | A01819440 | 17/03/2024 | Book | |||||
| Perpustakaan Kuala Nerang | Pinjaman Dewasa | 17/03/2024 | 899.2333 HAF | A01819448 | 17/03/2024 | Book | |||||
| Perpustakaan Kulim | Pinjaman Dewasa | 17/03/2024 | 5 | 899.2333 HAF | A01819442 | 09/03/2025 | 22/02/2025 | Book | |||
| Perpustakaan Langkawi | Pinjaman Dewasa | 17/03/2024 | 3 | 899.2333 HAF | A01819441 | 12/10/2025 | 08/10/2025 | Book | 1 | ||
| Perpustakaan Merbok | Pinjaman Dewasa | 17/03/2024 | 3 | 899.2333 HAF | A01819445 | 14/06/2025 | 24/05/2025 | Book | |||
| Perpustakaan Pendang | Pinjaman Dewasa | 17/03/2024 | 2 | 899.2333 HAF | A01819449 | 15/12/2024 | 06/11/2024 | Book | 2 | ||
| Perpustakaan Sik | Pinjaman Dewasa | 17/03/2024 | 1 | 899.2333 HAF | A01819447 | 20/08/2024 | 11/07/2024 | Book | |||
| Perpustakaan Yan | Pinjaman Dewasa | 17/03/2024 | 1 | 899.2333 HAF | A01819446 | 02/07/2024 | 23/05/2024 | Book | 1 |